| 000 | 00740nam a2200265Ia 4500 | ||
|---|---|---|---|
| 008 | 181129s9999 xx 000 0 und d | ||
| 020 | _a9780531222089 | ||
| 050 | _bV458 2009 | ||
| 100 | _aVenezia, Mike | ||
| 245 | 0 | _aMarie Curie : | |
| 245 | 0 | _bscientist who made glowing discoveries / | |
| 245 | 0 | _cby Mike Venezia. | |
| 260 | _aNew York, NY : | ||
| 260 | _bChildren's Press, | ||
| 260 | _c2009 | ||
| 300 | _a32 pages : | ||
| 300 | _bcolor illustrations ; | ||
| 300 | _c24cm. | ||
| 440 | _aGetting to know the world's greatest inventors & scientist. | ||
| 500 | _a840L | ||
| 650 | _aChemists -- Poland -- Biography. | ||
| 650 | _aWomen -- Chemists -- Poland -- Biography. | ||
| 700 | _aSeries. | ||
| 700 | _aTitle. | ||
| 999 |
_c359856 _d359856 |
||